International journal of research in education (Record no. 38330)
[ view plain ]
| 000 -LEADER | |
|---|---|
| fixed length control field | 00511nam a2200169Ia 4500 |
| 022 ## - INTERNATIONAL STANDARD SERIAL NUMBER | |
| ISSN | 01896202 |
| 050 ## - CALL MARK | |
| Classification number | LA 1630 .I57/ |
| 245 #0 - TITLE STATEMENT | |
| Title | International journal of research in education |
| 260 ## - PUBLICATION, DISTRIBUTION, ETC. (IMPRINT) | |
| Place of publication | Ikot Ekpene |
| 260 ## - PUBLICATION, DISTRIBUTION, ETC. (IMPRINT) | |
| Name of publisher | Development Universal Consortia |
| 260 ## - PUBLICATION, DISTRIBUTION, ETC. (IMPRINT) | |
| Year of publication | 2011 |
| 300 ## - PHYSICAL DESCRIPTION | |
| Number of Pages | v. , 268 p. ; 25 cm. |
| 650 ## - SUBJECT ADDED ENTRY--TOPICAL TERM | |
| Topical Term | Education--Nigeria--Periodicals. Education--Study and teaching--Nigeria--Periodicals. |
| 942 ## - ADDED ENTRY ELEMENTS (KOHA) | |
| Koha item type | Serials |
No items available.